Statystyki dla Miasta na litere S w województwie podkarpackim #14

Kliknij tutaj aby rozwiązać quiz!

Ogólne statystyki

  • Ten quiz został rozwiązany 28 razy
  • Średni wynik to 4 z 6

Statystyki odpowiedzi

HintOdpowiedź% Poprawnych
34 687Sanok
100%
58 545Stalowa Wola
85%
8 893Strzyżów
63%
12 357Sędziszów
56%
4 303Sokołów Małopolski
41%
2 146Sieniewa
15%

Rozkład punktacji

Percentyl według liczby udzielonych odpowiedzi

Procent ludzi z każdym wynikiem

Twoja historia wyników

Nie rozwiązałeś tego quizu